| 000 | 00581c a2200205 04500 | ||
|---|---|---|---|
| 001 | 45021 | ||
| 090 | _a45021 | ||
| 100 | _a19891001d1956 m y0pory5003 ba | ||
| 101 | 1 | _apor | |
| 102 | _aPT | ||
| 200 | 1 |
_aUm grito ao longe _fFredric Brown _gtrad. L. de Almeida Campos |
|
| 210 | 9 |
_aLisboa _cLivros do Brasil, _d[D.L. 1956] |
|
| 215 |
_a213, [1] p. _d16 cm |
||
| 225 | 2 |
_aVampiro _v105 |
|
| 304 | _aTít. orig. A far cry | ||
| 675 |
_a821.111(73)-312.4"19" _vBN _zpor |
||
| 700 | 1 |
_aBrown, _bFredric, _f1906-1972 |
|
| 702 | 1 |
_aCampos, _bLuís de Almeida _4730 |
|
| 801 | 0 |
_aPT _bBN _gRPC |
|
| 990 | _cLIVROS | ||